000 00300nam a2200133Ia 4500
008 190216s9999||||xx |||||||||||||| ||und||
100 _aGanguly.C
245 0 _aStudies In Indian Economic Problems
250 _a1st Ed.
260 _bNull
_c1978
300 _a696
650 _aEconomics
942 _cBK
999 _c9340
_d9340